000 00579nam a2200181 i 4500
001 173356
003 ES-MaACL
005 20230906215224.0
008 091127s1963 pr f |||| | spa d
080 _a860(729.5)-311.2"19"
100 1 _aGuevara Castañeira, Josefina.
_9163457
245 1 0 _aSiembra
_b: (poemas) /
_cJosefina Guevara Castañeira ; prólogo de Ramón Zapata Acosta.
250 _a1ª ed.
260 _aPuerto Rico :
_b[s.n.],
_c1963.
300 _a190 p., 1 h. de lám. ;
_c24 cm.
700 1 _aZapata Acosta, Ramón.
_9141649
852 _aES-MaACL
_jC-56979
999 _c173356
_d173356